Review: Re-riting Woman: Dianic Wicca and the Feminine Divine, by Kristy S. Coleman
| Main Author: | |
|---|---|
| Format: | Electronic Review |
| Language: | English |
| Check availability: | HBZ Gateway |
| Interlibrary Loan: | Interlibrary Loan for the Fachinformationsdienste (Specialized Information Services in Germany) |
| Published: |
2011
|
| In: |
Nova religio
Year: 2011, Volume: 15, Issue: 2, Pages: 130-131 |
| Review of: | Re-riting woman (Lanham, Md. [u.a.] : Altamira Press, 2010) (Vance, Laura L.)
|
| Further subjects: | B
Book review
|
| Online Access: |
Volltext (JSTOR) Volltext (lizenzpflichtig) Volltext (lizenzpflichtig) |
MARC
| LEADER | 00000caa a22000002c 4500 | ||
|---|---|---|---|
| 001 | 1816080357 | ||
| 003 | DE-627 | ||
| 005 | 20220909022541.0 | ||
| 007 | cr uuu---uuuuu | ||
| 008 | 220908s2011 xx |||||oo 00| ||eng c | ||
| 024 | 7 | |a 10.1525/nr.2011.15.2.130 |2 doi | |
| 035 | |a (DE-627)1816080357 | ||
| 035 | |a (DE-599)KXP1816080357 | ||
| 040 | |a DE-627 |b ger |c DE-627 |e rda | ||
| 041 | |a eng | ||
| 084 | |a 0 |2 ssgn | ||
| 100 | 1 | |a Vance, Laura L. |e VerfasserIn |4 aut | |
| 245 | 1 | 0 | |a Review: Re-riting Woman: Dianic Wicca and the Feminine Divine, by Kristy S. Coleman |
| 264 | 1 | |c 2011 | |
| 336 | |a Text |b txt |2 rdacontent | ||
| 337 | |a Computermedien |b c |2 rdamedia | ||
| 338 | |a Online-Ressource |b cr |2 rdacarrier | ||
| 655 | 7 | |a Rezension |0 (DE-588)4049712-4 |0 (DE-627)106186019 |0 (DE-576)209083166 |2 gnd-content | |
| 773 | 0 | 8 | |i Enthalten in |t Nova religio |d Berkeley, Calif. : Univ. of California Press, 1997 |g 15(2011), 2, Seite 130-131 |h Online-Ressource |w (DE-627)362723745 |w (DE-600)2099785-1 |w (DE-576)113563531 |x 1541-8480 |7 nnas |
| 773 | 1 | 8 | |g volume:15 |g year:2011 |g number:2 |g pages:130-131 |
| 787 | 0 | 8 | |i Rezension von |a Coleman, Kristy S., 1960 - |t Re-riting woman |b 1. paperback ed. |d Lanham, Md. [u.a.] : Altamira Press, 2010 |h X, 257 S. |w (DE-627)1616610565 |w (DE-576)364513306 |z 9780759110021 |z 9780759110038 |
| 856 | |3 Volltext |u http://www.jstor.org/stable/10.1525/nr.2011.15.2.130 |x JSTOR | ||
| 856 | 4 | 0 | |u https://doi.org/10.1525/nr.2011.15.2.130 |x Resolving-System |z lizenzpflichtig |3 Volltext |7 1 |
| 856 | 4 | 0 | |u https://online.ucpress.edu/nr/article/15/2/130/70531/Review-Re-riting-Woman-Dianic-Wicca-and-the |x Verlag |z lizenzpflichtig |3 Volltext |7 1 |
| 935 | |a mteo | ||
| 951 | |a AR | ||
| ELC | |a 1 | ||
| ITA | |a 1 |t 1 | ||
| LOK | |0 000 xxxxxcx a22 zn 4500 | ||
| LOK | |0 001 4185532156 | ||
| LOK | |0 003 DE-627 | ||
| LOK | |0 004 1816080357 | ||
| LOK | |0 005 20220908052850 | ||
| LOK | |0 008 220908||||||||||||||||ger||||||| | ||
| LOK | |0 035 |a (DE-Tue135)IxTheo#2022-07-26#4E437153333881EF0BED97EDFF8655499B44514C | ||
| LOK | |0 040 |a DE-Tue135 |c DE-627 |d DE-Tue135 | ||
| LOK | |0 092 |o n | ||
| LOK | |0 852 |a DE-Tue135 | ||
| LOK | |0 852 1 |9 00 | ||
| LOK | |0 866 |x JSTOR#http://www.jstor.org/stable/10.1525/nr.2011.15.2.130 | ||
| LOK | |0 935 |a ixzs |a ixrk |a zota | ||
| LOK | |0 939 |a 08-09-22 |b l01 | ||
| ORI | |a SA-MARC-ixtheoa001.raw | ||
| REL | |a 1 | ||
| SUB | |a REL | ||



